000 00504nam a2200169 i 4500
001 56475
003 ES-MaACL
005 20230906163358.0
007 t|
008 031009s1933 xxk ||||1| eng d
245 0 4 _aThe modern university dictionary and world atlas /
_cedited by J.M. Parrish, John R. Crossland.
260 _aLondon :
_bCollins,
_c[1933]
300 _a760 p. :
_bmap. ;
_c21 cm.
700 1 _aParrish, J. M.
_989268
700 1 _aCrossland, John R.
_941723
852 _aES-MaACL
_jA-1859
999 _c56475
_d56475